Ordenacao em texto único das leis de diretrizes e bases da educacao nacional e legislacao conexa

Saved in:
Bibliografiske detaljer
Main Authors: Villela, Joao Baptista (Author), Vaz Guimaraes, Moacyr Expedito (Author), Mayer, Cleci (Author), Figueiredo Ferraz, Esther de (Author), Ilcia, Yesis (Author), Passarinho, Amoedo (Author)
Format: Bog
Sprog:portugisisk
Udgivet: Brasilia Conselho Federal de Educacao 1983
Fag:
Tags: Tilføj Tag
Ingen Tags, Vær først til at tagge denne postø!

MARC

LEADER 00000nam a2200000 a 4500
001 UCS3326
003 CL-VaPUC
008 970620e19830000BL |||||||||||||||||por|d
082 0 4 |a 378  |b VIL  |2 21 
100 0 |a Villela, Joao Baptista  |e author  |9 389359 
700 0 |a Vaz Guimaraes, Moacyr Expedito  |e author  |9 389360 
700 0 |a Mayer, Cleci  |e author  |9 389361 
700 0 |a Figueiredo Ferraz, Esther de  |e author  |9 389362 
700 0 |a Ilcia, Yesis  |e author  |9 389363 
700 0 |a Passarinho, Amoedo  |e author  |9 389364 
245 1 0 |a Ordenacao em texto único das leis de diretrizes e bases da educacao nacional e legislacao conexa 
300 |a 2v 
942 |c BK 
945 |d 19970620 00:00:00  |a lriquelm 
260 |a Brasilia  |b Conselho Federal de Educacao  |c 1983 
650 7 |a DECRETOS  |2 CL-VaPUC  |9 309678 
650 7 |a DERECHO BRASILEÑO  |2 CL-VaPUC  |9 389365 
650 0 |a Educación básica   |9 224933 
650 0 |a Educación superior   |9 223851 
651 0 |a Brasil  |9 267393 
583 |a last modification  |c 20170606 01:17:57  |k Rodrigo Vera 
999 |c 261066  |d 261064 
952 |0 0  |1 0  |4 0  |6 378_000000000000000_VIL_1983  |7 0  |8 P  |9 287852  |a BIBDER  |b BIBDER  |d 2019-11-19  |i 1868179  |o 378 VIL 1983  |p 1868179  |r 2023-01-25  |w 2019-11-19  |y BK  |k DER 
952 |0 0  |1 0  |4 0  |6 378_000000000000000_VIL_1983  |7 0  |8 P  |9 287853  |a BIBDER  |b BIBDER  |d 2019-11-19  |i 1868187  |o 378 VIL 1983  |p 1868187  |r 2023-01-25  |w 2019-11-19  |y BK  |k DER